[Event "Tilburg"]
[Site "Tilburg"]
[Date "1992.??.??"]
[Round "1"]
[White "Ivanchuk, Vassily"]
[Black "Seirawan, Yasser"]
[Result "1/2-1/2"]
[WhiteElo "2720"]
[BlackElo "2605"]

1.d4 Nf6 2.c4 e6 3.Nc3 Bb4 4.e3 c5 5.Ne2 cxd4 6.exd4 d5 7.c5 Ne4 8.Bd2 Nxd2
9.Qxd2 a5 10.a3 Bxc3 11.Nxc3 Bd7 12.Bd3 a4 13.O-O Nc6 14.Rae1 Nxd4 15.Nxd5 Bc6
16.Nb6 Ra5 17.Rd1 Rxc5 18.Be4 Qxb6 19.Qxd4 O-O 20.Rc1 Rb5 21.Qxa4 Bxe4 22.Qxe4 Rxb2
23.Rb1 Rc8 24.g3 g6 25.a4 Qb3 26.Rxb2 Qxb2 27.Qb1 Rc2 28.Qxb2 Rxb2 29.a5 g5
30.Ra1 Kg7 31.a6 bxa6 32.Rxa6 g4 33.Ra4 h5 34.h3 gxh3 35.Rh4 Rb1+ 36.Kh2 Rf1
37.Rf4 e5 38.Rf3 Kg6 39.Kxh3 e4 40.Re3 f5 41.Kg2 Rd1 42.Ra3 h4 43.gxh4 Kh5
44.Ra5 Kg4 45.h5 Rd6 46.f3+ exf3+ 47.Kf2 Rd2+ 48.Ke1 Rh2 49.Ra8 Rxh5 50.Kf2 Rh2+
51.Kf1 Kf4 52.Rb8 Rd2 53.Ra8 Rb2 54.Rc8 f2 55.Rc3 Ke4 56.Ra3 Rd2 57.Rb3 Rd3
58.Rxd3 Kxd3 59.Kxf2 Ke4 60.Ke2 f4 61.Kf2 f3 62.Kf1  1/2-1/2

[Event "Tilburg"]
[Site "Tilburg"]
[Date "1992.??.??"]
[Round "1"]
[White "Wojtkiewicz, Aleksander"]
[Black "Seirawan, Yasser"]
[Result "0-1"]
[WhiteElo "2530"]
[BlackElo "2605"]

1.Nf3 d5 2.d4 Nf6 3.c4 e6 4.g3 Bb4+ 5.Bd2 Be7 6.Bg2 Nbd7 7.O-O O-O 8.Qc2 c6
9.Bf4 b6 10.cxd5 cxd5 11.Nc3 Bb7 12.Rfc1 Rc8 13.Qd3 a6 14.a4 Rc6 15.Rc2 Qa8
16.Rac1 Rfc8 17.Nd2 Bb4 18.Na2 Rxc2 19.Rxc2 Be7 20.Qb3 Rxc2 21.Qxc2 Qc8 22.Qxc8+ Bxc8
23.b4 Ne8 24.Nb3 g5 25.Bc1 Nd6 26.a5 b5 27.Nc5 Nb8 28.Bd2 Nc6 29.Bc3 f5 30.e3 g4
31.Nc1 Ne4 32.Bxe4 dxe4 33.Ne2 Bxc5 34.dxc5 e5 35.Kf1 Be6 36.Ke1 Bc4 37.Nc1 Kf7
38.Kd1 Ke6 39.Kc2 Nd8 40.Kd1 Nf7 41.Ne2 Bxe2+ 42.Kxe2 Kd5 43.Kf1 Kc4 44.Be1 Ng5
45.Kg2 Kd3 46.h3 Ne6 47.hxg4 fxg4 48.Kf1 Nc7 49.Kg1 Nd5 50.Kf1 h6 51.c6 Nc7
52.Kg1 Ne6 53.Kf1 h5 54.Kg2 Kc4 55.Kf1 Kd5 56.Ke2 Kxc6 57.Kd2 Ng5 58.Kc2 Kd5
59.Kb3 Nf3 60.Bc3 h4 61.gxh4 Nxh4 62.Bd2 Nf3 63.Bc3 Ng1 64.Bd2 Ne2 65.Kc2 Kc4
66.Be1 Ng1 67.Bd2 Nh3 68.Be1 Ng5  0-1

[Event "Tilburg"]
[Site "Tilburg"]
[Date "1992.??.??"]
[Round "2"]
[White "Andersson, Ulf"]
[Black "Seirawan, Yasser"]
[Result "1/2-1/2"]
[WhiteElo "2605"]
[BlackElo "2605"]

1.d4 Nf6 2.Nf3 e6 3.c4 d5 4.g3 Bb4+ 5.Bd2 Be7 6.Bg2 c6 7.Qb3 Nbd7 8.O-O b6
9.cxd5 cxd5 10.Rc1 Bb7 11.Bb4 Bxb4 12.Qxb4 Qe7 13.Qa4 Qd6 14.Na3 a6 15.Nc2 O-O
16.Nb4 Rfc8 17.Nd3 a5 18.Nfe5 Rxc1+ 19.Rxc1 Rc8 20.Rxc8+ Bxc8 21.Qc2 Ba6
22.Bf1 Bxd3 23.Nxd3 Ne8 24.e3 Qc7 25.Qxc7  1/2-1/2

[Event "Tilburg"]
[Site "Tilburg"]
[Date "1992.??.??"]
[Round "2"]
[White "Seirawan, Yasser"]
[Black "Wojtkiewicz, Aleksander"]
[Result "1-0"]
[WhiteElo "2605"]
[BlackElo "2530"]

1.d4 Nf6 2.c4 g6 3.Nc3 Bg7 4.e4 d6 5.Bd3 O-O 6.Nge2 c5 7.d5 e6 8.O-O exd5
9.exd5 Ng4 10.f4 Re8 11.h3 Ne3 12.Bxe3 Rxe3 13.Qd2 Re8 14.Kh2 Na6 15.Rae1 Nc7
16.Ng1 Rxe1 17.Rxe1 Bd7 18.Nf3 a6 19.Ne4 Ne8 20.b4 b6 21.Rb1 Qc7 22.g3 Nf6
23.Nf2 b5 24.bxc5 Qxc5 25.Rc1 Rc8 26.Rc2 b4 27.g4 Ba4 28.Rb2 a5 29.Rb1 Nd7
30.Ne4 Qc7 31.f5 Nc5 32.Nxc5 Qxc5 33.Kg2 Re8 34.Re1 Rxe1 35.Qxe1 Qa7 36.g5 Bc3
37.Qe2 Qc7 38.h4 Qd8 39.Qe3 Bd7 40.f6 a4 41.Qa7 h6 42.c5 dxc5 43.Qxc5 hxg5
44.hxg5 Qf8 45.Qa7 Qd6 46.Qa8+ Kh7 47.Qb7 b3 48.axb3 a3 49.Qa7 Qxd5 50.Bc4 Qf5
51.Bxf7 a2 52.Bxg6+ Kxg6 53.Nh4+ Kxg5 54.Nxf5 Bc6+ 55.Kf2 a1=Q 56.Qxa1 Bxa1
57.f7 Kxf5 58.f8=Q+ Ke6 59.Qc8+ Bd7 60.Qa6+  1-0

[Event "Tilburg rapid"]
[Site "Tilburg"]
[Date "1992.??.??"]
[Round "3"]
[White "Seirawan, Yasser"]
[Black "Andersson, Ulf"]
[Result "1/2-1/2"]
[WhiteElo "2605"]
[BlackElo "2605"]

1.Nf3 Nf6 2.d4 d5 3.c4 e6 4.Nc3 Nbd7 5.e3 Be7 6.Bd3 O-O 7.O-O dxc4 8.Bxc4 c5
9.Qe2 a6 10.a4 cxd4 11.exd4 Nb6 12.Bb3 Bd7 13.Ne5 Bc6 14.Nxc6 bxc6 15.a5 Nbd5
16.Bc4 Re8 17.Nxd5 Nxd5 18.Bd2 Nc7 19.Qe4 Nb5 20.Qxc6 Nxd4 21.Qe4 Nf3+ 22.Qxf3 Qxd2
23.b3 Bf6 24.Rfd1 Qc3 25.Qxc3 Bxc3 26.Ra4 g6 27.Kf1 Rec8 28.Rd6 Rc5 29.Rxa6 Rxa6
30.Bxa6 Rxa5  1/2-1/2

[Event "Tilburg rapid"]
[Site "Tilburg"]
[Date "1992.??.??"]
[Round "4"]
[White "Andersson, Ulf"]
[Black "Seirawan, Yasser"]
[Result "1/2-1/2"]
[WhiteElo "2605"]
[BlackElo "2605"]

1.d4 Nf6 2.Nf3 e6 3.c4 c5 4.e3 d5 5.Nc3 a6 6.a3 dxc4 7.Bxc4 b5 8.Ba2 Bb7
9.O-O cxd4 10.exd4 Be7 11.Re1 O-O 12.Bg5 Nbd7 13.d5 exd5 14.Nxd5 Bxd5 15.Bxd5 Nxd5
16.Qxd5 Bxg5 17.Nxg5 Nf6 18.Qb3 Qd5 19.Qxd5 Nxd5 20.g3 Rfd8 21.Rac1 h6 22.Nf3 Rac8
23.Red1 Rxc1 24.Rxc1 Nb6 25.Rc6 Nc4 26.Rxa6 Nxb2 27.Ne5 Nc4 28.Nxc4 bxc4
29.Rc6 Ra8  1/2-1/2

[Event "Tilburg rapid15"]
[Site "Tilburg"]
[Date "1992.??.??"]
[Round "5"]
[White "Andersson, Ulf"]
[Black "Seirawan, Yasser"]
[Result "1/2-1/2"]
[WhiteElo "2605"]
[BlackElo "2605"]

1.Nf3 Nf6 2.c4 e6 3.g3 d5 4.d4 c6 5.Nbd2 Be7 6.Bg2 O-O 7.O-O Nbd7 8.b3 b6
9.Bb2 Bb7 10.e3 Bd6 11.Qe2 Qe7 12.e4 Nxe4 13.Nxe4 dxe4 14.Qxe4 Nf6 15.Qe2 c5
16.Rad1 Rad8 17.Rfe1 Bxf3 18.Bxf3 cxd4 19.Rxd4 Bc5 20.Rxd8 Rxd8 21.Rd1 h6
22.Kg2 Rxd1 23.Qxd1 Qd6 24.Qxd6 Bxd6 25.Bc6 Kf8 26.f4 Ke7 27.Kf3 h5 28.h3 g6
29.g4 hxg4+ 30.hxg4 Nd7 31.Bxd7 Kxd7 32.g5 Kc6 33.Ke4 a6 34.Be5 Ba3 35.Bc3 a5
36.Be5 Be7 37.Bb2 Bd6 38.Be5 Ba3 39.Bd4  1/2-1/2

[Event "Tilburg rapid15"]
[Site "Tilburg"]
[Date "1992.??.??"]
[Round "6"]
[White "Seirawan, Yasser"]
[Black "Andersson, Ulf"]
[Result "1/2-1/2"]
[WhiteElo "2605"]
[BlackElo "2605"]

1.Nf3 Nf6 2.d4 d5 3.c4 e6 4.Nc3 Nbd7 5.e3 Be7 6.b3 O-O 7.Bb2 b6 8.Bd3 Bb7
9.O-O c5 10.Qe2 cxd4 11.exd4 Rc8 12.Rac1 Re8 13.cxd5 Nxd5 14.Nxd5 Bxd5 15.Bb5 Rf8
16.Rxc8 Qxc8 17.Rc1 Qd8 18.Bc6 Bxc6 19.Rxc6 Nf6 20.Qa6 Qb8 21.Ba3 Bxa3 22.Qxa3 h6
23.Qc1 Nd5 24.a3 Ne7 25.Rc4 Nd5 26.Ne5 Qb7 27.g3 Re8 28.Rc6 Rd8 29.Qc4 a5
30.h4 Qe7 31.Qc1 Qb7 32.Qc4 Qe7 33.Qc1  1/2-1/2

[Event "Tilburg rapid15"]
[Site "Tilburg"]
[Date "1992.??.??"]
[Round "7"]
[White "Seirawan, Yasser"]
[Black "Andersson, Ulf"]
[Result "1-0"]
[WhiteElo "2605"]
[BlackElo "2605"]

1.d4 Nf6 2.Nf3 d5 3.c4 e6 4.Nc3 Nbd7 5.Bg5 h6 6.Bh4 Be7 7.e3 Ne4 8.Bxe7 Qxe7
9.cxd5 Nxc3 10.bxc3 exd5 11.c4 Nf6 12.cxd5 Nxd5 13.Bc4 Be6 14.Bb3 O-O 15.O-O Rac8
16.Rc1 Rfd8 17.Qc2 Nf6 18.Qb1 Bxb3 19.Qxb3 c6 20.Rc2 Rc7 21.Rfc1 Nd5 22.Ne5 Qb4
23.Qxb4 Nxb4 24.Rb2 Nd5 25.Kf1 f6 26.Nd3 Re8 27.Nc5 Ree7 28.Ke2 Kf7 29.Kd3 Ke8
30.g3 f5 31.Kd2 Nf6 32.Ke2 Kd8 33.Nd3 Kc8 34.h3 Rcd7 35.Kf3 Ne4 36.Ne5 Rd5
37.g4 Ng5+ 38.Kg3 fxg4 39.hxg4 Nf7 40.Nxf7 Rxf7 41.f4 Ra5 42.Kf3 Ra3 43.Rcc2 a5
44.Rb3 Rxb3 45.axb3 Kc7 46.e4 Kd6 47.f5 b6 48.Kf4 Ra7 49.g5 hxg5+ 50.Kxg5 a4
51.bxa4 Rxa4 52.Rd2 c5 53.dxc5+ Kxc5 54.e5 b5 55.e6 Re4 56.Kg6 Re5 57.Rf2  1-0

[Event "Buenos Aires Najdorf"]
[Site "Buenos Aires"]
[Date "1993.??.??"]
[Round "8"]
[White "Seirawan, Yasser"]
[Black "Larsen, Bent"]
[Result "1/2-1/2"]
[WhiteElo "2595"]
[BlackElo "2540"]

1.d4 Nf6 2.c4 g6 3.Nc3 Bg7 4.e4 d6 5.f3 O-O 6.Be3 c6 7.Bd3 a6 8.Qd2 b5 9.b3 Nbd7
10.Nge2 Bb7 11.O-O bxc4 12.bxc4 c5 13.d5 Ne5 14.Rab1 Qc7 15.Rb3 Rfb8 16.Rfb1 Bc8
17.Nc1 Nfd7 18.Na4 Nxd3 19.Nxd3 h5 20.Qc2 Rxb3 21.Rxb3 Rb8 22.Bd2 Bd4+ 23.Kf1 Rxb3
24.Qxb3 e6 25.dxe6 fxe6 26.Bc3 e5 27.Bxd4 exd4 28.Nf4 Kf7 29.Nd5 Qd8 30.Nab6 Bb7
31.Nxd7 Qxd7 32.Nf4 Qc7 33.h4 Bc6 34.Qb1 Qb7 35.Qxb7+ Bxb7 36.Ke2 Bc6 37.Kd3 Kf6
38.Nh3 Ke5 39.g3 Kf6 40.Nf4 a5 41.Nh3 Ba4 42.Kd2 Bd7 43.Nf4 Ba4 44.Nd5+ Kf7
45.Nb6 Bc6 46.Nc8 Ke6 47.Na7 Bd7 48.Nb5 Ke7 49.Nc7 Bh3 50.Nd5+ Kf7 51.Ke2 Be6
52.Nb6 Ke8 53.Kd3 Bh3 54.Ke2 Be6 55.Kd2 Bh3 56.Ke1 Be6 57.Ke2 Kf7 58.a3 Ke8
59.Kd3 Bh3 60.Ke2 Be6 61.Kd3 Bh3  1/2-1/2

[Event "Buenos Aires Najdorf"]
[Site "Buenos Aires"]
[Date "1993.??.??"]
[Round "9"]
[White "Milos, Gilberto"]
[Black "Seirawan, Yasser"]
[Result "1/2-1/2"]
[WhiteElo "2560"]
[BlackElo "2595"]

1.c4 g6 2.d4 d6 3.Nf3 Bg7 4.Nc3 e5 5.g3 Nc6 6.dxe5 Nxe5 7.Nxe5 Bxe5 8.Bg2 Ne7
9.O-O c6 10.Qd3 Be6 11.Ne4 d5 12.cxd5 Bxd5 13.Bf4 Bxe4 14.Qxe4 Bxf4 15.Qxf4 O-O
16.Rfd1 Qb6 17.Qf6 Qc7 18.Qd6 Qxd6 19.Rxd6 Rfd8 20.Rad1 Rxd6 21.Rxd6 Kf8
22.e4 Ke8 23.f4 Nc8 24.Rd3 Nb6 25.Kf2 Rd8 26.Ke2 Rxd3 27.Kxd3 f6 28.Kd4 Ke7
29.h4 Kd6 30.e5+ fxe5+ 31.fxe5+ Ke7 32.Be4 Nd7 33.h5 Nf8 34.hxg6 hxg6 35.Ke3 Ke6
36.Kf4 Kf7 37.Bc2 Ne6+ 38.Ke3 a5 39.Bb3 Ke7 40.Bc4 b6 41.Bd3 Kf7 42.Be4 Nd8
43.Kf4 Kg7 44.b3 Ne6+ 45.Ke3 Nd8 46.Kf4 Ne6+ 47.Ke3 Nd8 48.Kd3 Kf7 49.Kd4 Ne6+
50.Ke3 Nd8 51.Kf4 Kg7 52.e6 Kf6 53.e7 Ne6+ 54.Ke3 Kxe7 55.Bxg6 Nc7 56.Be4 c5
57.Bf3 Nb5 58.Be2 Nd4 59.Bd1 Kf6 60.Kd3 Nb5 61.Kc4  1/2-1/2

[Event "Buenos Aires Najdorf"]
[Site "Buenos Aires"]
[Date "1993.??.??"]
[Round "11"]
[White "Illescas Cordoba, Miguel"]
[Black "Seirawan, Yasser"]
[Result "1-0"]
[WhiteElo "2615"]
[BlackElo "2595"]

1.Nf3 Nf6 2.c4 c5 3.Nc3 e6 4.g3 b6 5.Bg2 Bb7 6.O-O d6 7.d4 cxd4 8.Qxd4 a6
9.Bg5 Nbd7 10.Nd2 Bxg2 11.Kxg2 Rc8 12.Nce4 Rc6 13.Bxf6 gxf6 14.b4 Be7 15.b5 axb5
16.cxb5 Rc2 17.Nxd6+ Bxd6 18.Qxd6 Ne5 19.Qxd8+ Kxd8 20.Rfd1 Ke7 21.Kf1 Rb2
22.a4 Rc8 23.Ke1 Nd7 24.Nf3 Rcc2 25.Nd4 Rc4 26.a5 bxa5 27.Nc6+ Ke8 28.Rxa5 Kf8
29.Rxd7 Rcc2 30.Kd1 Rxe2 31.Nd4 Rxf2 32.Kc1 e5 33.Ne6+ Ke8 34.Rc7  1-0

[Event "Amber-rapid 2nd"]
[Site "Monte Carlo"]
[Date "1993.??.??"]
[Round "2"]
[White "Seirawan, Yasser"]
[Black "Kortschnoj, Viktor"]
[Result "1-0"]
[WhiteElo "2595"]
[BlackElo "2605"]

1.e4 e6 2.d4 d5 3.Nd2 dxe4 4.Nxe4 Bd7 5.Nf3 Bc6 6.Bd3 Nd7 7.Qe2 Ngf6 8.O-O Bxe4
9.Bxe4 Nxe4 10.Qxe4 c6 11.c4 Be7 12.Bd2 O-O 13.b4 Nf6 14.Qe2 Re8 15.a4 Nd7
16.c5 Nf6 17.b5 Nd5 18.bxc6 bxc6 19.Qa6 Qc8 20.Qxc8 Rexc8 21.Rfb1 f6 22.Rb7 Bd8
23.Re1 Rc7 24.Rxc7 Nxc7 25.Bf4 Kf7 26.Rb1 Ke8 27.Nd2 Nd5 28.Bd6 Ba5 29.Nc4 Bb4
30.a5 Rd8 31.a6 Bc3 32.Rb7 Bxd4 33.Rxa7 f5 34.Rb7  1-0

[Event "Amber-blind 2nd"]
[Site "Monte Carlo"]
[Date "1993.??.??"]
[Round "2"]
[White "Kortschnoj, Viktor"]
[Black "Seirawan, Yasser"]
[Result "0-1"]
[WhiteElo "2605"]
[BlackElo "2595"]

1.c4 e5 2.Nc3 Nc6 3.Nf3 f5 4.d3 Nf6 5.g3 d6 6.Bg2 g6 7.Bg5 Bg7 8.Nd2 h6 9.Bxf6 Bxf6
10.e3 Ne7 11.Rc1 c6 12.O-O O-O 13.b4 a6 14.a4 Be6 15.a5 Bg7 16.Na4 Qc7 17.Nb6 Rae8
18.d4 exd4 19.exd4 Bxd4 20.Nf3 Bg7 21.Nd4 Bf7 22.Qd2 Kh7 23.Ne2 Nc8 24.Na4 Qe7
25.Nf4 g5 26.Rfe1 Qf6 27.Ne2 Re7 28.b5 axb5 29.cxb5 d5 30.Nac3 d4 31.Na4 cxb5
32.Nc5 Nd6 33.Qb4 Rfe8  0-1

[Event "Amber-blind 2nd"]
[Site "Monte Carlo"]
[Date "1993.??.??"]
[Round "3"]
[White "Seirawan, Yasser"]
[Black "Karpov, Anatoly"]
[Result "0-1"]
[WhiteElo "2595"]
[BlackElo "2725"]

1.e4 e5 2.Nf3 Nc6 3.Bb5 a6 4.Bxc6 dxc6 5.O-O f6 6.d4 exd4 7.Nxd4 c5 8.Nb3 Qxd1
9.Rxd1 Bg4 10.f3 Bd7 11.Bf4 O-O-O 12.Nc3 c4 13.Na5 Bc5+ 14.Kf1 b5 15.Nd5 c6
16.b4 Ba7 17.Be3 Bxe3 18.Nxe3 Ne7 19.Rd6 Kc7 20.Rad1 Bc8 21.Rxd8 Rxd8 22.Rxd8 Kxd8
23.Ke2 Kc7 24.Kd2 Kd6 25.Nd1 c5 26.a3 cxb4 27.axb4 f5 28.exf5 Nxf5 29.c3 Nh4
30.Ne3 g5 31.Ke2 Ng6 32.g3 Ne7 33.f4 g4 34.Kd2 Kc7 35.Nc2 Nd5 36.Nc6 Kxc6  0-1

[Event "Amber-rapid 2nd"]
[Site "Monte Carlo"]
[Date "1993.??.??"]
[Round "3"]
[White "Karpov, Anatoly"]
[Black "Seirawan, Yasser"]
[Result "1/2-1/2"]
[WhiteElo "2725"]
[BlackElo "2595"]

1.d4 Nf6 2.c4 e6 3.Nf3 d5 4.Nc3 c5 5.cxd5 Nxd5 6.e4 Nxc3 7.bxc3 cxd4 8.cxd4 Nc6
9.Bc4 Bb4+ 10.Bd2 Bxd2+ 11.Qxd2 O-O 12.O-O b6 13.d5 Na5 14.Be2 exd5 15.exd5 Bg4
16.d6 Qf6 17.Rfd1 Rad8 18.Qd4 Rfe8 19.Qxg4 Rxe2 20.Rac1 Nb7 21.Rc8 Nxd6 22.Rxd8+ Qxd8
23.h3 Qe7 24.Qa4 g6 25.Qc6 Re6 26.Rd5 Ne8 27.Qc8 Qc7 28.Qxc7 Nxc7 29.Rd7 Nb5
30.a4 Nc3 31.Rxa7 h6 32.a5 bxa5 33.Ne1  1/2-1/2

[Event "Amber-blind 2nd"]
[Site "Monte Carlo"]
[Date "1993.??.??"]
[Round "4"]
[White "Polgar, Zsuzsa"]
[Black "Seirawan, Yasser"]
[Result "1-0"]
[WhiteElo "2560"]
[BlackElo "2595"]

1.d4 d6 2.Nf3 g6 3.c4 Bg7 4.Nc3 e5 5.e4 exd4 6.Nxd4 Nc6 7.Be3 Nge7 8.h4 f5
9.h5 fxe4 10.hxg6 hxg6 11.Rxh8+ Bxh8 12.Nxe4 Bf5 13.Ng3 Nxd4 14.Bxd4 Kd7
15.Be2 Nc6 16.Be3 Bxb2 17.Rb1 Bc3+ 18.Kf1 Qh4 19.Rxb7 Rh8 20.Bf3 Qxc4+ 21.Kg1 Ne5
22.Be2 Qh4 23.Bb5+ Kc8 24.Rxa7  1-0

[Event "Amber-rapid 2nd"]
[Site "Monte Carlo"]
[Date "1993.??.??"]
[Round "4"]
[White "Seirawan, Yasser"]
[Black "Polgar, Zsuzsa"]
[Result "1/2-1/2"]
[WhiteElo "2595"]
[BlackElo "2560"]

1.c4 e5 2.g3 Nf6 3.Bg2 d5 4.cxd5 Nxd5 5.Nc3 Nb6 6.Nf3 Nc6 7.O-O Be7 8.a3 a5
9.d3 O-O 10.Be3 Be6 11.Rc1 Qd7 12.d4 exd4 13.Nxd4 Nxd4 14.Qxd4 Qxd4 15.Bxd4 c5
16.Be3 Nc4 17.Na4 Nxe3 18.fxe3 c4 19.Bxb7 Ra7 20.Bf3 Bg5 21.Kf2 Re8 22.h4 Bh6
23.Rc3 Rae7 24.Nb6 g6 25.Nxc4 Bg7 26.Rcc1 Bxc4 27.Rxc4 Bxb2 28.a4 Rxe3 29.Rd1 Ba3
30.Rd7 R3e7 31.Rcc7 Rxd7 32.Rxd7 Bc5+ 33.Kg2 Re7 34.Rxe7  1/2-1/2

[Event "Amber-rapid 2nd"]
[Site "Monte Carlo"]
[Date "1993.??.??"]
[Round "5"]
[White "Christiansen, Larry Mark"]
[Black "Seirawan, Yasser"]
[Result "1-0"]
[WhiteElo "2620"]
[BlackElo "2595"]

1.d4 d6 2.e4 g6 3.Nc3 Bg7 4.Nf3 Nf6 5.Be3 c6 6.h3 O-O 7.a4 a5 8.Be2 b6 9.O-O d5
10.e5 Ne8 11.Qd2 Ba6 12.Bh6 Bxe2 13.Nxe2 Na6 14.Nh2 Nac7 15.Rae1 f5 16.exf6 exf6
17.Ng4 Nd6 18.Bxg7 Kxg7 19.Qh6+ Kg8 20.Ng3 Nf7 21.Qf4 Kg7 22.Nxf6 Qxf6 23.Qxc7 Qxd4
24.Ne2 Qxb2 25.Nf4 Rfc8 26.Qd7 Qf6 27.Ne6+ Kg8 28.Re3 Ne5 29.Rxe5 Qxe5 30.f4 Qf6
31.Ng5 Qg7 32.Qe6+ Kf8 33.f5 Qe7 34.fxg6+ Ke8 35.gxh7 Qxe6 36.h8=Q+ Kd7 37.Qg7+ Qe7
38.Rf7 Re8 39.Rxe7+ Rxe7 40.Qd4 Kc7 41.h4 Kb7 42.c4 dxc4 43.Qxc4 Rd8 44.Kh2 Rd5
45.Qf4 Red7 46.Nf3 b5 47.axb5 cxb5 48.g4 b4 49.Qc4 Kb6 50.h5 R7d6 51.Kg3 Rb5
52.Qf4 Rbd5 53.h6 Rd7 54.g5 b3 55.Qe3+ Ka6 56.Qxb3 Rd3 57.Qc4+ Kb6 58.h7  1-0

[Event "Amber-blind 2nd"]
[Site "Monte Carlo"]
[Date "1993.??.??"]
[Round "5"]
[White "Seirawan, Yasser"]
[Black "Christiansen, Larry Mark"]
[Result "1-0"]
[WhiteElo "2595"]
[BlackElo "2620"]

1.d4 Nf6 2.Nf3 g6 3.Bg5 Bg7 4.Nbd2 d6 5.e4 O-O 6.c3 Nbd7 7.Be2 h6 8.Bh4 e5
9.dxe5 dxe5 10.O-O Qe8 11.b4 Nh5 12.Re1 b6 13.Bb5 Bf6 14.Nc4 Qe7 15.Bxd7 Bxh4
16.Bxc8 Raxc8 17.Ncxe5 c5 18.Qb3 Kg7 19.Rad1 Rc7 20.b5 c4 21.Nxc4 Rd8 22.Ne3 Rxd1
23.Qxd1 Qxe4 24.Nd5 Qg4 25.h3 Qc4 26.Nxc7  1-0

[Event "Amber-rapid 2nd"]
[Site "Monte Carlo"]
[Date "1993.??.??"]
[Round "6"]
[White "Anand, Viswanathan"]
[Black "Seirawan, Yasser"]
[Result "0-1"]
[WhiteElo "2710"]
[BlackElo "2595"]

1.e4 c6 2.Nf3 d5 3.Nc3 Bg4 4.h3 Bh5 5.exd5 cxd5 6.Bb5+ Nc6 7.g4 Bg6 8.Ne5 Rc8
9.d4 e6 10.Qe2 Bd6 11.h4 Bxe5 12.Qxe5 Kf8 13.Bxc6 Rxc6 14.h5 f6 15.Qe2 Bf7
16.Bd2 h6 17.O-O-O Ne7 18.Kb1 Bg8 19.Rh3 Bh7 20.Re3 Kf7 21.Re1 Qd7 22.f4 Nc8
23.b3 Rd8 24.Qg2 Kg8 25.g5 Kh8 26.g6 Bg8 27.Na4 b6 28.Bb4 a5 29.Ba3 Qc7 30.Rf1 b5
31.Nc5 b4 32.Bb2 Ne7 33.Qf2 Nf5 34.Re2 Rdd6 35.Rfe1 Rb6 36.Qf3 Rdc6 37.Qd3 Qc8
38.Nxe6 Rxe6 39.Qxf5 Qe8 40.Qd3 Rxe2 41.Rxe2 Re6 42.Rxe6 Bxe6 43.Qa6 Bg4
44.Qxa5 Bxh5 45.f5 Bf3 46.Qxb4 Be4 47.Qd6 Bxf5 48.Qxd5 Qxg6 49.Qc4 h5 50.d5 Qg3
51.Bc1 h4 52.Qf4 Qxf4 53.Bxf4 g5 54.Bh2 g4 55.Bf4 Kh7 56.Kc1 Kg6 57.a4 g3
58.Kd2 Kh5 59.a5 Kg4 60.a6 Kxf4 61.a7 g2 62.a8=Q g1=Q 63.Qb8+ Kf3  0-1

[Event "Amber-rapid 2nd"]
[Site "Monte Carlo"]
[Date "1993.??.??"]
[Round "8"]
[White "Polugaevsky, Lev"]
[Black "Seirawan, Yasser"]
[Result "0-1"]
[WhiteElo "2635"]
[BlackElo "2595"]

1.d4 Nf6 2.c4 c5 3.d5 b5 4.cxb5 a6 5.bxa6 g6 6.Nc3 Bxa6 7.g3 d6 8.Nf3 Bg7
9.Bh3 O-O 10.O-O Nbd7 11.Qc2 Qc7 12.Rd1 Rfb8 13.Rb1 Nb6 14.b3 Bc8 15.Bg2 Bd7
16.h3 Qc8 17.Kh2 Ne8 18.Bb2 Nc7 19.e4 h6 20.Nd2 Kh7 21.f4 Ra7 22.a3 Qh8 23.Bf1 Rab7
24.Nc4 Nxc4 25.Bxc4 Qc8 26.h4 Qh8 27.Re1 Ne8 28.h5 Nf6 29.hxg6+ fxg6 30.Kg2 Ng4
31.Re2 Bd4 32.Rbe1 h5 33.Nd1 Bb5 34.Bxd4 Qxd4 35.e5 Bxc4 36.bxc4 Rb3 37.exd6 exd6
38.Rd2 Qg7 39.Re6 Nh6 40.Nf2 Nf5 41.Ne4 Ne3+  0-1

[Event "Amber-blind 2nd"]
[Site "Monte Carlo"]
[Date "1993.??.??"]
[Round "8"]
[White "Seirawan, Yasser"]
[Black "Polugaevsky, Lev"]
[Result "1-0"]
[WhiteElo "2595"]
[BlackElo "2635"]

1.Nf3 c5 2.c4 Nc6 3.b3 e5 4.Bb2 d6 5.g3 g6 6.Bg2 Bg7 7.O-O Nge7 8.Nc3 O-O
9.Ne1 Bg4 10.Nc2 Qd7 11.Ne3 Bh3 12.Ned5 Bxg2 13.Kxg2 f5 14.e3 Rae8 15.Rb1 h5
16.a3 Nxd5 17.Nxd5 Ne7 18.Qf3 e4 19.Nxe7+ Rxe7 20.Qf4 d5 21.Bxg7 Kxg7 22.Rfc1 dxc4
23.Rxc4 Qxd2 24.Rxc5 Qd6 25.Qxd6  1-0

[Event "Amber-rapid 2nd"]
[Site "Monte Carlo"]
[Date "1993.??.??"]
[Round "9"]
[White "Seirawan, Yasser"]
[Black "Ljubojevic, Ljubomir"]
[Result "0-1"]
[WhiteElo "2595"]
[BlackElo "2605"]

1.d4 Nf6 2.c4 g6 3.Nc3 Bg7 4.e4 d6 5.f3 O-O 6.Be3 b6 7.Qd2 c5 8.Nge2 Nc6
9.d5 Ne5 10.Ng3 e6 11.Be2 Ba6 12.b3 exd5 13.exd5 Re8 14.O-O Qe7 15.Bf2 Qf8
16.a4 Bh6 17.Qc2 Nfd7 18.a5 f5 19.Ra2 Nf6 20.Rfa1 Bb7 21.Nb5 Qe7 22.axb6 axb6
23.Rxa8 Rxa8 24.Rxa8+ Bxa8 25.Qa2 Bb7 26.Qa7 Nf7 27.Qxb6 f4 28.Ne4 Nxe4 29.fxe4 Qxe4
30.Bf1 Qe7 31.Nc7 Bc8 32.Qb8 Qd8 33.Bd3 Bg5 34.h3 Bxh3 35.Qxd8+ Bxd8 36.Nb5 Bg4
37.Nxd6 Nxd6 38.Bxc5 Nb7 39.Ba3 Bd1 40.b4 Bb3 41.Kf2 Nd6 42.c5 Nc4 43.Bc1 Ne5
44.Be4 g5 45.d6 Ba4 46.Bb2 Nc6 47.Bc3 h5 48.Bg6 h4 49.Be4 Kf7 50.Bd5+ Kg6
51.Be4+ Kh5 52.Bd3 Na7 53.Kf3 Bc6+ 54.Be4 Bd7 55.Bd5 Kg6 56.Be4+ Bf5 57.Bd5 g4+
58.Ke2 Bd7 59.Kd3 Kg5 60.Bg7 Bb5+ 61.Kd2 Kf5 62.Ke1 Nc6 63.Bc3 Bf6 64.Bd2 Ke5
65.Bf7 h3 66.gxh3 Bh4+ 67.Kd1 gxh3 68.Bh5 Ba4+ 69.Kc1 Ke4 70.Bg6+ Kd4 71.Bxf4 Bg5
72.Bxg5 h2 73.Bf6+ Ne5  0-1

[Event "Amber-blind 2nd"]
[Site "Monte Carlo"]
[Date "1993.??.??"]
[Round "9"]
[White "Ljubojevic, Ljubomir"]
[Black "Seirawan, Yasser"]
[Result "1-0"]
[WhiteElo "2605"]
[BlackElo "2595"]

1.e4 c6 2.d3 d5 3.Nd2 e5 4.Ngf3 Bd6 5.g3 Nf6 6.Bg2 O-O 7.O-O Nbd7 8.b3 Re8
9.Bb2 dxe4 10.dxe4 Qc7 11.Qe2 b5 12.Nh4 g6 13.Bh3 a5 14.a3 Ba6 15.Rfd1 Bf8
16.Ng2 Bh6 17.Ne3 Nc5 18.Qf3 Qe7 19.Bf1 Bc8 20.a4 Bd7 21.Ba3 Kg7 22.c3 Reb8
23.axb5 cxb5 24.b4 axb4 25.Bxb4 Rxa1 26.Rxa1 Be6 27.Nb1 Qc7 28.Nd5 Nxd5 29.exd5 Bd7
30.Na3 Qb6 31.Qe2 f6 32.h4 Kf7 33.Kh2 Bf8 34.Bh3 Bxh3 35.Kxh3 Qb7 36.Rd1 Bd6
37.Kh2 Qd7 38.Rb1 Bf8 39.c4 bxc4 40.Qxc4 Nb7 41.Bxf8 Rxf8 42.d6+ Kg7 43.Qd5 Nd8
44.Nc4 Qe6 45.Qc5 Rf7 46.Rb8 Rd7 47.Qc7 Nf7 48.Qc8 Nd8 49.Kg1 Kh6 50.Qc7 Nf7
51.Qc6 Nd8 52.Qc5 Nf7 53.Rb6 Rd8 54.Qe3+ Kg7 55.Qc5 Rd7 56.Rc6 f5  1-0

[Event "Amber-blind 2nd"]
[Site "Monte Carlo"]
[Date "1993.??.??"]
[Round "10"]
[White "Seirawan, Yasser"]
[Black "Short, Nigel D"]
[Result "1-0"]
[WhiteElo "2595"]
[BlackElo "2655"]

1.d4 Nf6 2.Nf3 e6 3.c4 b6 4.Nc3 Bb7 5.Bg5 Be7 6.Qc2 h6 7.Bh4 O-O 8.e3 Na6
9.a3 c5 10.Be2 d5 11.cxd5 exd5 12.O-O Nc7 13.Rad1 Ne6 14.Ne5 cxd4 15.exd4 Ne4
16.Bxe7 Qxe7 17.Nxe4 dxe4 18.d5 Nf4 19.Nc6 Qf6 20.Bc4 Rae8 21.Rfe1 Kh8 22.Rxe4 Nh3+
23.gxh3 Qg6+ 24.Kf1 Qxe4 25.Qxe4 Rxe4 26.Be2 Bc8 27.f3 Bxh3+ 28.Kf2 Ree8
29.Nxa7 Bd7 30.Nc6 g5 31.Rd4 f5 32.Rb4 Rf6 33.Rxb6 Rd6 34.Bc4 Rc8 35.Ke3 Kg7
36.b4 Bxc6 37.Rxc6 Rdxc6 38.dxc6 Rxc6 39.Kd4 g4 40.fxg4 fxg4 41.b5 Rf6 42.a4 h5
43.a5 h4 44.b6 Rf4+ 45.Kd3 g3 46.hxg3 hxg3 47.b7 Rf8 48.Bd5 Rd8 49.Ke2  1-0

[Event "Amber-rapid 2nd"]
[Site "Monte Carlo"]
[Date "1993.??.??"]
[Round "10"]
[White "Short, Nigel D"]
[Black "Seirawan, Yasser"]
[Result "0-1"]
[WhiteElo "2655"]
[BlackElo "2595"]

1.e4 c6 2.Nc3 d5 3.Nf3 dxe4 4.Nxe4 Nf6 5.Nxf6+ gxf6 6.d4 Bf5 7.c3 Nd7 8.g3 Qa5
9.Bg2 Qb5 10.a4 Qd3 11.Qxd3 Bxd3 12.Be3 a5 13.O-O-O Be4 14.Nh4 Bxg2 15.Nxg2 Nb6
16.b3 Nd5 17.Bd2 e6 18.Kc2 O-O-O 19.Ne1 h5 20.h4 Bh6 21.Nd3 Bxd2 22.Rxd2 Kc7
23.Rhd1 Ne7 24.Ne1 Nf5 25.Ng2 e5 26.dxe5 Rxd2+ 27.Rxd2 fxe5 28.Rd3 Nd6 29.Re3 Re8
30.Ne1 f6 31.Nd3 b6 32.Re2 Kd7 33.Nb2 Ke6 34.Nd3 Kf5 35.Re3 Kg4 36.Kd1 e4
37.Nf4 Nf5 38.Re2 Nxh4 39.Rd2 Nf5 40.Ng2 e3 41.Re2 exf2 42.Rxf2 Re5 43.Ne1 Kxg3
44.Rg2+ Kf4 45.Rg6 Re6 46.Kd2 h4 47.Nd3+ Kf3 48.Ne1+ Kf2 49.Nd3+ Kf1 50.Nf4 Rd6+
51.Kc1 Kf2 52.Nh3+ Kf3 53.Rg1 Ng3 54.Kc2 f5 55.Re1 Ne4 56.Ng1+  0-1

[Event "Amber-rapid 2nd"]
[Site "Monte Carlo"]
[Date "1993.??.??"]
[Round "11"]
[White "Seirawan, Yasser"]
[Black "Ivanchuk, Vassily"]
[Result "1/2-1/2"]
[WhiteElo "2595"]
[BlackElo "2710"]

1.c4 c5 2.Nf3 Nf6 3.Nc3 d5 4.cxd5 Nxd5 5.e4 Nb4 6.Bc4 Be6 7.Bxe6 Nd3+ 8.Kf1 fxe6
9.Ne1 Nc6 10.Nxd3 Qxd3+ 11.Qe2 Qd7 12.d3 g6 13.Be3 b6 14.h4 O-O-O 15.Rd1 Bg7
16.h5 Bd4 17.Kg1 Rhf8 18.hxg6 hxg6 19.Rh3 Rf6 20.Bxd4 Nxd4 21.Qe3 Rdf8 22.Rd2 e5
23.Kh2 Ne6 24.Nd5 Nf4 25.Nxf6 exf6 26.Rh6 Qg7 27.Rh4 g5 28.Qg3 Rf7 29.Rh3 Kb7
30.Kg1 Nxh3+ 31.Qxh3 Rd7 32.Qe6 Rd4 33.b3 Qf8 34.Kf1 Rd6 35.Qf5 Qh8 36.Ke2 Qh1
37.g3 a5 38.Rd1 Qh5+ 39.g4 Qh3 40.a4 Qh8 41.Rc1 Qg8 42.Rc4 Qf7 43.Rc3 Rd8
44.Kd2 Rh8 45.Qf3 Rh4 46.Ke2 Qe6 47.Qf5 Qxf5 48.gxf5 Rh1 49.Kf3 Kc6 50.Kg4 Kd6
51.Rc2 Ke7 52.f3 Kf7 53.Kg3 Rb1 54.Rc3 Kg7 55.Kh3 Kh6 56.Kg3 Kh5 57.Kh3 g4+
58.fxg4+ Kg5 59.Kg3 Rd1 60.Kf3 Kh4 61.Ke2 Rb1 62.Kf3 Rb2 63.Rc1 Rh2 64.Rg1 Kg5
65.Rg3 Rd2 66.Ke3 Rb2 67.Rh3 Rxb3 68.Rh8 c4 69.Rg8+ Kh4 70.Rc8 Rxd3+ 71.Ke2 Kxg4
72.Rxc4 Ra3 73.Rc6 Rxa4 74.Ke3 Ra3+ 75.Ke2 Kf4 76.Rxb6 Kxe4 77.Rxf6 Ra2+
78.Kd1 a4 79.Rf8 a3 80.f6 Kf5 81.f7 Kf6 82.Re8 Kxf7 83.Rxe5 Rh2 84.Ra5 a2
85.Kc1 Ke6 86.Ra6+ Kd5 87.Ra8 Kc4 88.Rc8+ Kb4 89.Rb8+  1/2-1/2